| 000 | 00551 a2200169 4500 | ||
|---|---|---|---|
| 020 | _a90-247-3663-3 | ||
| 082 |
_a624.177 VIN _bL-20-P-195 |
||
| 090 |
_c2785 _d2785 |
||
| 100 |
_aVINSON, JACK R _942917 |
||
| 245 |
_aTHE BEHAVIOR OF THIN WALLED STRUCTURES _bBEAMS,PLATES AND SHELLS |
||
| 260 |
_aLONDON _bKLUWER ACADEMIC PUBLISHERS _c1989 |
||
| 300 |
_aXII, 182P. _c24CM |
||
| 500 | _aSTRUCTURES BEAMS | ||
| 526 |
_a0 _b0 _c0 _d624_177000000000000_VIN_L20P19 |
||
| 526 |
_a0 _b0 _c0 _d624_177000000000000_VIN_L20P19 |
||
| 942 |
_2ddc _aMCE _cBOOK _k624.177 VIN |
||
| 999 |
_c546724 _d546724 |
||